The Theory of the Novel / A Historico-Philosophical Essay on the Forms of Great Epic Literature (Record no. 5537)
[ view plain ]
| 000 -LEADER | |
|---|---|
| fixed length control field | 01129cam a22001934a 4500 |
| 005 - ΗΜΕΡΟΜΗΝΙΑ ΚΑΙ ΩΡΑ ΤΕΛΕΥΤΑΙΑΣ ΕΝΗΜΕΡΩΣΗΣ | |
| Πεδίο ελέγχου | 20250605164215.0 |
| 008 - FIXED-LENGTH DATA ELEMENTS--GENERAL INFORMATION | |
| Πεδίο ελέγχου σταθερού μήκους | 250528s ||||||||||||||||||||||||d |
| 035 ## - SYSTEM CONTROL NUMBER | |
| System control number | 20428 |
| 020 ## - ISBN | |
| ISBN | 850362369 |
| 040 ## - ΠΗΓΗ ΚΑΤΑΛΟΓΟΓΡΑΦΗΣΗΣ | |
| Φορέας πρωτότυπης καταλογογράφησης | MC Athens Campus Library |
| Γλώσσα καταλογογράφησης | Ελληνικά, Μοντέρνα (1453-) |
| Modifying agency | MC Athens Campus Library |
| Κανόνες περιγραφικής καταλογογράφησης | AACR2 |
| 245 1# - ΤΙΤΛΟΣ ΚΑΙ ΔΗΛΩΣΗ ΥΠΕΥΘΥΝΟΤΗΤΑΣ | |
| Τίτλος | The Theory of the Novel / A Historico-Philosophical Essay on the Forms of Great Epic Literature |
| 260 ## - PUBLICATION, DISTRIBUTION, ETC. | |
| Name of publisher, distributor, etc. | Merlin Press, |
| Date of publication, distribution, etc. | 1971 |
| 300 ## - PHYSICAL DESCRIPTION | |
| Extent | 160 |
| 520 ## - SUMMARY, ETC. | |
| Summary, etc. | The book marks a radical turning-point in Lukacs intellectual development and is essential to an understanding of him as a thinker. Preface, Integrated Civiliζations, The Problems of a Philosophy of the History of Forms, The Epic and the Novel, The Inner Form of the Novel, The Historic-Philosophical Conditioning of the Novel and its Significance, Attempt at a Typology of the Novel Form, Abstract Idealism, The Romanticism of Disillusionment, Wilbelm Meister's Years of Apprenticeship as an attempted synthesis, Tolstoy and the Attempt to go beyond the social forms of life, Index of Names, Index of Subjects. |
| 700 1# - ΠΡΟΣΘΕΤΗ ΑΝΑΓΡΑΦΗ--ΦΥΣΙΚΟ ΠΡΟΣΩΠΟ | |
| Personal name | Lukacs Georg |
| 9 (RLIN) | 498 |
| 942 ## - ADDED ENTRY ELEMENTS (KOHA) | |
| Koha item type | Books |
| Τύπος τεκμηρίου | Βιβλιοθήκη | Τρέχουσα τοποθεσία | Barcode | Αριθμός εισαγωγής | Ημερομηνία απόκτησης | Ταξιθετικό σύμβολο | Αριθμός αντιτύπου | Κατάσταση απόσυρσης | Κατάσταση χαμένου | Κατάσταση κατεστραμμένου | Μη δανεισμός | Σύνολο δανεισμών | Ημερομηνία τελευταίας εμφάνισης | Η τιμή ισχύει από |
|---|---|---|---|---|---|---|---|---|---|---|---|---|---|---|
| Books | MC Athens Campus Library | MC Athens Campus Library | 9780000055361 | 6902 | 05/06/2025 | 801.953 LUK | 1 | 05/06/2025 | 05/06/2025 |